La aventura del zorro / (Record no. 155511)

MARC details
000 -CABECERA
campo de control de longitud fija 00629nam a2200217 u 4500
005 - FECHA Y HORA DE LA ÚLTIMA TRANSACCIÓN
campo de control 20240831063743.0
008 - ELEMENTOS DE LONGITUD FIJA--INFORMACIÓN GENERAL
campo de control de longitud fija 120213s20002006es r 000 0 spa d
020 ## - NÚMERO INTERNACIONAL NORMALIZADO PARA LIBROS
Número Internacional Estándar del Libro 8420743542
035 ## - NÚMERO DE CONTROL DEL SISTEMA
Número de control de sistema UPN01000183408
049 ## - COLECCIÓN
Colección I
050 #4 - SIGNATURA TOPOGRÁFICA DE LA BIBLIOTECA DEL CONGRESO
Número de clasificación PZ75
Número de documento/Ítem A4.4
100 1# - ASIENTO PRINCIPAL--NOMBRE PERSONAL
Nombre de persona Alonso, Manuel Luis,
Fechas asociadas al nombre 1948-
9 (RLIN) 30691
245 13 - MENCIÓN DE TÍTULO
Título La aventura del zorro /
Mención de responsabilidad, etc. Manuel L. Alonso ; il. Antonia Santolaya,
260 ## - PUBLICACIÓN, DISTRIBUCIÓN, ETC.
Lugar de publicación, distribución, etc. Madrid :
Nombre del editor, distribuidor, etc. Anaya,
Fecha de publicación, distribución, etc. 2000 (2006 impr.).
300 ## - DESCRIPCIÓN FÍSICA
Extensión 70 p. :
Otras características físicas il. col.
440 #0 - MENCIÓN DE SERIE/ASIENTO SECUNDARIO--TÍTULO
Título Sopa de libros ;
Designación de volumen o secuencia 52
650 #4 - ASIENTO SECUNDARIO DE MATERIA - TERMINO TEMATICO
Término de materia o nombre geográfico como elemento de entrada Cuentos infantiles españoles
9 (RLIN) 7725
905 ## - TIPO DE MATERIAL
Tipo de material Infantil
Holdings
Estado de retiro Estado de pérdida Fuente del sistema de clasificación o colocación Estado dañado No para préstamo Código de colección Localización permanente Ubicación/localización actual Ubicación en estantería Fecha de adquisición Total de préstamos Clasificación Código de barras Fecha visto por última vez Número de copia Tipo de ítem Koha
    Library of Congress Classification     Infantil Bib. Gregorio Torres Quintero Bib. Gregorio Torres Quintero Sala infantil Planta baja 10/05/2023 2 PZ75 A4.4 280954 31/12/2020 1 Libro